000 00448nam a2200193 a 4500
001 1774864617516
003 YourLibrary
005 20260330153038.0
008 260330s2006##################000#0#eng##
020 _a9780415398817
082 0 4 _a359
_bIIS
100 1 _aVarious,
_eauthor.
245 1 0 _aSeapower :
260 _c2006.
300 _a342 pages
650 0 _aHistory.
942 _cENGLISH
040 _aYourLibrary
_beng
_cYourLibrary
999 _c618352
_d618352